<?xml version="1.0" encoding="UTF-8"?>
<record
    xmlns:xsi="http://www.w3.org/2001/XMLSchema-instance"
    xsi:schemaLocation="http://www.loc.gov/MARC21/slim http://www.loc.gov/standards/marcxml/schema/MARC21slim.xsd"
    xmlns="http://www.loc.gov/MARC21/slim">

  <leader>00789cam a2200229 a 4500</leader>
  <controlfield tag="001">sa 68011405 </controlfield>
  <controlfield tag="003">DLC</controlfield>
  <controlfield tag="005">20260227112559.0</controlfield>
  <controlfield tag="008">900202s1968    ii            000 0 hino </controlfield>
  <datafield tag="010" ind1=" " ind2=" ">
    <subfield code="a">sa 68011405 </subfield>
  </datafield>
  <datafield tag="025" ind1=" " ind2=" ">
    <subfield code="a">PL480:I-H-5882</subfield>
  </datafield>
  <datafield tag="035" ind1=" " ind2=" ">
    <subfield code="a">(OCoLC)20989338</subfield>
  </datafield>
  <datafield tag="040" ind1=" " ind2=" ">
    <subfield code="a">DLC</subfield>
    <subfield code="c">DLC</subfield>
  </datafield>
  <datafield tag="050" ind1="0" ind2="0">
    <subfield code="a">PK1939</subfield>
    <subfield code="b">.V25 1968</subfield>
  </datafield>
  <datafield tag="100" ind1="1" ind2=" ">
    <subfield code="a">Vajpeyi, Kishoridas.</subfield>
  </datafield>
  <datafield tag="245" ind1="1" ind2="0">
    <subfield code="a">Hind&#x12B; k&#x12B; vartan&#x12B; tath&#x101; &#x15B;abda-vi&#x15B;lesha&#x1E47;a :</subfield>
    <subfield code="b">bh&#x101;sh&#x101; k&#x12B; prakr&#x325;ti, vy&#x101;kara&#x1E47;a eva&#x1E43; bh&#x101;sh&#x101;-vij&#xF1;&#x101;na ke &#x101;dh&#x101;ra para Hind&#x12B; vartan&#x12B; ke svar&#x16B;pa k&#x101; vicecana /</subfield>
    <subfield code="c">Ki&#x15B;or&#x12B;d&#x101;sa V&#x101;japey&#x12B;.</subfield>
  </datafield>
  <datafield tag="250" ind1=" " ind2=" ">
    <subfield code="a">1. sa&#x1E43;skara&#x1E47;a.</subfield>
  </datafield>
  <datafield tag="260" ind1=" " ind2=" ">
    <subfield code="a">Na&#x12B; Dill&#x12B; :</subfield>
    <subfield code="b">R&#x101;jadh&#x101;n&#x12B; Granth&#x101;g&#x101;ra,</subfield>
    <subfield code="c">1968.</subfield>
  </datafield>
  <datafield tag="300" ind1=" " ind2=" ">
    <subfield code="a">4, 127 p. ;</subfield>
    <subfield code="c">18 cm.</subfield>
  </datafield>
  <datafield tag="546" ind1=" " ind2=" ">
    <subfield code="a">In Hindi.</subfield>
  </datafield>
  <datafield tag="650" ind1=" " ind2="0">
    <subfield code="a">Hindi language</subfield>
    <subfield code="x">Etymology.</subfield>
  </datafield>
  <datafield tag="999" ind1=" " ind2=" ">
    <subfield code="c">83870</subfield>
    <subfield code="d">83870</subfield>
  </datafield>
</record>
